Comic books 101 : (Record no. 344599)
[ view plain ]
| 000 -LEADER | |
|---|---|
| fixed length control field | 00752nam a2200289Ia 4500 |
| 008 - FIXED-LENGTH DATA ELEMENTS--GENERAL INFORMATION | |
| fixed length control field | 171025s9999 xx 000 0 und d |
| 020 ## - INTERNATIONAL STANDARD BOOK NUMBER | |
| International Standard Book Number | 9781600611872 |
| 050 ## - LIBRARY OF CONGRESS CALL NUMBER | |
| Classification number | 741.59 |
| 050 ## - LIBRARY OF CONGRESS CALL NUMBER | |
| Item number | R988 2009 |
| 100 ## - MAIN ENTRY--PERSONAL NAME | |
| Personal name | Ryall, Chris |
| 245 ## - TITLE STATEMENT | |
| Title | Comic books 101 : |
| 245 ## - TITLE STATEMENT | |
| Remainder of title | the history, methods and madness / |
| 245 ## - TITLE STATEMENT | |
| Statement of responsibility, etc | by Chris Ryall and Scott Tipton. |
| 250 ## - EDITION STATEMENT | |
| Edition statement | First edition |
| 260 ## - PUBLICATION, DISTRIBUTION, ETC. (IMPRINT) | |
| Place of publication, distribution, etc | Ohio : |
| 260 ## - PUBLICATION, DISTRIBUTION, ETC. (IMPRINT) | |
| Name of publisher, distributor, etc | Impact, |
| 260 ## - PUBLICATION, DISTRIBUTION, ETC. (IMPRINT) | |
| Date of publication, distribution, etc | 2009 |
| 300 ## - PHYSICAL DESCRIPTION | |
| Extent | 287 pages : |
| 300 ## - PHYSICAL DESCRIPTION | |
| Other physical details | colored illustrations ; |
| 300 ## - PHYSICAL DESCRIPTION | |
| Dimensions | 20cm. |
| 500 ## - GENERAL NOTE | |
| General note | Includes index. |
| 650 ## - SUBJECT ADDED ENTRY--TOPICAL TERM | |
| Topical term or geographic name as entry element | Comic books, strips, etc -- |
| 650 ## - SUBJECT ADDED ENTRY--TOPICAL TERM | |
| Topical term or geographic name as entry element | Comic books, strips, etc. |
| 650 ## - SUBJECT ADDED ENTRY--TOPICAL TERM | |
| General subdivision | History and crtiticism. |
| 700 ## - ADDED ENTRY--PERSONAL NAME | |
| Personal name | Tipton, Scott. |
| 700 ## - ADDED ENTRY--PERSONAL NAME | |
| Personal name | Title. |
| Withdrawn status | Lost status | Damaged status | Home library | Current library | Date acquired | Total Checkouts | Full call number | Barcode | Date last seen | Price effective from | Koha item type |
|---|---|---|---|---|---|---|---|---|---|---|---|
| Stonyhurst Southville International School (Malarayat) | Stonyhurst Southville International School (Malarayat) | 10/25/2017 | NF 741.59 R988 2009 | SSISM3652 | 10/25/2017 | 10/25/2017 | Books |